[Event "FIDE Women’s World Rapid Championships 2024"]
[White "Durrfeld, Sofie Bech"]
[Black "Mamedjarova, Zeinab"]
[Site "New York, USA"]
[Round "3"]
[Board "49"]
[Result "0-1"]
[Date "2024.12.26"]
[WhiteElo "1875"]
[BlackElo "2194"]
[PlyCount "72"]
[GameId "2127263858815497"]
[EventDate "2024.12.26"]
[EventType "rapid"]
[EventRounds "11"]
[EventCountry "FID"]

1. e4 d5 2. exd5 Qxd5 3. Nc3 Qd8 4. Bc4 Nf6 5. d3 g6 6. Nf3 Bg7 7. Bf4 c6 8. a4 a5 9. Qd2 O-O 10. Bh6 Nbd7 11. O-O Nb6 12. Ba2 Nbd5 13. Bxg7 Kxg7 14. Rfe1 Qd6 15. Ne4 Nxe4 16. dxe4 Nb4 17. Qc3+ Kg8 18. Rad1 Nxa2 19. Qb3 Qe6 20. Qxe6 Bxe6 21. c3 Bb3 22. Rd7 b5 23. axb5 cxb5 24. Nd4 a4 25. Nxb5 e5 26. Re7 Rfe8 27. Rc7 Red8 28. Re7 Rd2 29. Rxe5 Rxb2 30. Re7 Rd8 31. e5 Rdd2 32. Nd6 Rxf2 33. Ne4 Rxg2+ 34. Kf1 Bc4+ 35. Re2 Rgxe2 36. Nf6+ Kg7 0-1

[Event "FIDE Women’s World Rapid Championships 2024"]
[White "Stanford, Sheila Barth"]
[Black "Narva, Mai"]
[Site "New York, USA"]
[Round "3"]
[Board "50"]
[Result "0-1"]
[Date "2024.12.26"]
[WhiteElo "2103"]
[BlackElo "2384"]
[PlyCount "86"]
[GameId "2127263858815498"]
[EventDate "2024.12.26"]
[EventType "rapid"]
[EventRounds "11"]
[EventCountry "FID"]

1. f4 d5 2. Nf3 c5 3. e3 Nc6 4. Bb5 Qb6 5. c4 Nf6 6. Nc3 e6 7. Ne5 Bd6 8. Qa4 Bd7 9. Nxd7 Kxd7 10. cxd5 exd5 11. O-O a6 12. Bd3 Kc7 13. a3 Rhe8 14. Qc2 Rad8 15. Na4 Qa7 16. b4 c4 17. Be2 b5 18. Nc3 d4 19. Nd1 d3 20. Bxd3 cxd3 21. Qxd3 Bxb4 22. Qb3 Bxd2 23. a4 Qc5 24. axb5 Qxb5 25. Qxf7+ Re7 26. Qa2 Red7 27. Bb2 Ng4 28. Rb1 Qa5 29. Qb3 Rd3 30. Be5+ Ngxe5 31. Qb7+ Kd6 32. fxe5+ Qxe5 33. Rf7 Bxe3+ 34. Kh1 Bc5 35. Nf2 Re3 36. Rd1+ Bd4 37. Nd3 Rxd3 38. Qc7+ Ke6 39. Qxc6+ Kxf7 40. Qc4+ Qe6 41. Qxd3 Bf6 42. Qf1 Rxd1 43. Qxd1 a5 0-1

[Event "FIDE Women’s World Rapid Championships 2024"]
[White "Nurgaliyeva, Zarina"]
[Black "Noshin, Anjum"]
[Site "New York, USA"]
[Round "3"]
[Board "51"]
[Result "1-0"]
[Date "2024.12.26"]
[WhiteElo "2175"]
[BlackElo "1910"]
[PlyCount "85"]
[GameId "2127263858815499"]
[EventDate "2024.12.26"]
[EventType "rapid"]
[EventRounds "11"]
[EventCountry "FID"]

1. e4 e5 2. Nf3 Nc6 3. Nc3 Nf6 4. Bb5 Nd4 5. Bd3 Nxf3+ 6. Qxf3 d6 7. h3 Be7 8. Be2 Be6 9. Qg3 Qd7 10. d3 O-O-O 11. f4 exf4 12. Bxf4 h5 13. O-O-O Kb8 14. Rhf1 h4 15. Qf2 Nh5 16. Bh2 Rdf8 17. Bg1 b6 18. Bf3 Bg5+ 19. Kb1 Ng3 20. Rfe1 Nh1 21. Qd4 c5 22. Qa4 Qxa4 23. Nxa4 Ng3 24. d4 Rd8 25. Nc3 Rhe8 26. a4 Bf6 27. e5 cxd4 28. exf6 dxc3 29. fxg7 cxb2 30. Bd4 Rc8 31. Bxb2 Rg8 32. Rxd6 Nf5 33. Rd2 Nxg7 34. Be5+ Rc7 35. Red1 Kc8 36. Bxc7 Kxc7 37. Rd3 Nf5 38. Rc3+ Kb8 39. a5 Ne7 40. axb6 axb6 41. Kb2 Nc8 42. Ra1 Na7 43. Rca3 1-0

[Event "FIDE Women’s World Rapid Championships 2024"]
[White "Melekhina, Alisa"]
[Black "Berezovska, Svetlana"]
[Site "New York, USA"]
[Round "3"]
[Board "52"]
[Result "1-0"]
[Date "2024.12.26"]
[WhiteElo "2139"]
[BlackElo "1850"]
[PlyCount "75"]
[GameId "2127263858815500"]
[EventDate "2024.12.26"]
[EventType "rapid"]
[EventRounds "11"]
[EventCountry "FID"]

1. e4 c5 2. Nc3 Nc6 3. g3 g6 4. Bg2 Bg7 5. d3 d6 6. Be3 Nf6 7. h3 O-O 8. Qd2 Bd7 9. Bh6 Nd4 10. Bxg7 Kxg7 11. Nd1 Ba4 12. Ne3 Rc8 13. c3 Ne6 14. f4 Bc6 15. Ne2 b5 16. O-O Qb6 17. f5 Nc7 18. g4 h6 19. h4 c4 20. Nd4 e5 21. fxe6 Nxe6 22. Qf2 Nd7 23. Nxc6 Qxc6 24. d4 Qc7 25. Nd5 Qd8 26. Rae1 Nb6 27. Nf6 Rc7 28. Re3 a5 29. Rf3 b4 30. Qg3 bxc3 31. bxc3 Rb7 32. h5 g5 33. e5 Nf4 34. Rxf4 gxf4 35. Qxf4 dxe5 36. Qxe5 Re7 37. Ne8+ Kg8 38. Qg7# 1-0

[Event "FIDE Women’s World Rapid Championships 2024"]
[White "Nurman, Alua"]
[Black "Machlik, Monika"]
[Site "New York, USA"]
[Round "3"]
[Board "53"]
[Result "1-0"]
[Date "2024.12.26"]
[WhiteElo "2260"]
[BlackElo "2079"]
[PlyCount "48"]
[GameId "2127263858819597"]
[EventDate "2024.12.26"]
[EventType "rapid"]
[EventRounds "11"]
[EventCountry "FID"]

1. e4 c6 2. d4 d5 3. e5 c5 4. Nf3 cxd4 5. Nxd4 Nc6 6. Nxc6 bxc6 7. Bd3 e6 8. O-O Ne7 9. Re1 a5 10. Qe2 Qb6 11. c4 Ba6 12. Nc3 dxc4 13. Bxc4 Bxc4 14. Qxc4 Qb4 15. Qe2 Nd5 16. Bd2 Qb7 17. Rac1 Be7 18. Qg4 g6 19. Bh6 Qb4 20. Ne4 Rc8 21. Re2 Qb8 22. Qg3 Qb5 23. Rd2 Qb4 24. Qg4 Qb7 1-0

[Event "FIDE Women’s World Rapid Championships 2024"]
[White "Naisanga, Sheba Valentine"]
[Black "Belenkaya, Dina"]
[Site "New York, USA"]
[Round "3"]
[Board "54"]
[Result "0-1"]
[Date "2024.12.26"]
[WhiteElo "1626"]
[BlackElo "2136"]
[PlyCount "104"]
[GameId "2127263858819598"]
[EventDate "2024.12.26"]
[EventType "rapid"]
[EventRounds "11"]
[EventCountry "FID"]

1. d4 Nf6 2. c4 e6 3. g3 d5 4. Bg2 Bb4+ 5. Nd2 O-O 6. Ngf3 c6 7. O-O a5 8. Qc2 a4 9. a3 Be7 10. e4 Nbd7 11. e5 Ne8 12. Rd1 b6 13. Nf1 Ba6 14. Ne3 Qb8 15. Qxa4 b5 16. cxb5 Bxb5 17. Qc2 Ba4 18. b3 Bxb3 19. Qxc6 Ba4 20. Qc3 Bxd1 21. Nxd1 Nb6 22. Ne3 Na4 23. Qc2 Qc8 24. Qe2 Qc3 25. Rb1 Nc7 26. Bd2 Qxa3 27. Rb7 Rfc8 28. Nc2 Qa2 29. Qd3 Nb2 30. Qc3 Nb5 31. Qe3 Nc4 32. Qd3 Nxd2 33. Rxb5 Nxf3+ 34. Bxf3 Qxc2 35. Qe3 Rc3 36. Qf4 Qc1+ 37. Qxc1 Rxc1+ 38. Kg2 Rc4 39. Rb7 Kf8 40. Be2 Rxd4 41. Bb5 Re4 42. f4 Rb4 43. Bc6 Rxb7 44. Bxb7 Ra2+ 45. Kh1 Bc5 46. Bc6 Ra5 47. Kg2 d4 48. Be4 Ra3 49. h4 d3 50. Bf3 d2 51. g4 Rxf3 52. Kxf3 d1=Q+ 0-1

[Event "FIDE Women’s World Rapid Championships 2024"]
[White "Mkrtchyan, Mariam"]
[Black "Berezovsky, Fiorina"]
[Site "New York, USA"]
[Round "3"]
[Board "55"]
[Result "1-0"]
[Date "2024.12.26"]
[WhiteElo "2136"]
[BlackElo "1786"]
[PlyCount "75"]
[GameId "2127263858819599"]
[EventDate "2024.12.26"]
[EventType "rapid"]
[EventRounds "11"]
[EventCountry "FID"]

1. d4 d5 2. c4 c6 3. Nf3 Nf6 4. Nc3 Bf5 5. cxd5 cxd5 6. Qb3 Bc8 7. Bf4 e6 8. e3 a6 9. Bxb8 Rxb8 10. Bxa6 Bd7 11. Bb5 Be7 12. Ne5 O-O 13. O-O Bxb5 14. Nxb5 Ne4 15. Rfc1 f6 16. Nd3 Qe8 17. Nc7 Qf7 18. Nf4 Bd6 19. Ncxe6 Bxf4 20. Nxf4 Rbd8 21. f3 Nd2 22. Qd3 Nc4 23. b3 Nd6 24. Rc5 g5 25. Nxd5 Qh5 26. Rac1 Rde8 27. e4 Qg6 28. Rc7 Rf7 29. Rxf7 Nxf7 30. Rc7 Nd6 31. Ne7+ Rxe7 32. Rxe7 g4 33. Re6 gxf3 34. Qxf3 Ne8 35. Qg3 Qxg3 36. hxg3 Kf7 37. Rb6 Kf8 38. a4 1-0

[Event "FIDE Women’s World Rapid Championships 2024"]
[White "Lee, Alice"]
[Black "Gunina, Valentina"]
[Site "New York, USA"]
[Round "4"]
[Board "1"]
[Result "1-0"]
[Date "2024.12.26"]
[WhiteElo "2415"]
[BlackElo "2388"]
[PlyCount "78"]
[GameId "2127263878922797"]
[EventDate "2024.12.26"]
[EventType "rapid"]
[EventRounds "11"]
[EventCountry "FID"]

1. d4 d5 2. c4 c6 3. Nf3 Nf6 4. e3 Bg4 5. h3 Bxf3 6. Qxf3 e6 7. Nc3 Nbd7 8. Qd1 Bd6 9. Bd3 O-O 10. O-O Qe7 11. e4 dxe4 12. Nxe4 Nxe4 13. Bxe4 Nf6 14. Bf3 Rad8 15. Qb3 Bb8 16. Be3 h5 17. h4 Nh7 18. g3 f5 19. d5 f4 20. Bxf4 Bxf4 21. gxf4 Rxf4 22. Bg2 Rxh4 23. Rfe1 Ng5 24. dxe6 Rg4 25. Kf1 Rf8 26. Rad1 Rgf4 27. Re2 R4f6 28. c5 Kh8 29. Rd6 b6 30. Qc4 Rf5 31. b4 bxc5 32. bxc5 Rb8 33. Kg1 Nf3+ 34. Bxf3 Rxf3 35. Re5 g6 36. Qd4 Kg8 37. Rd7 Qf6 38. Rf7 Rb1+ 39. Kg2 Rxf2+ 1-0

[Event "FIDE Women’s World Rapid Championships 2024"]
[White "Mammadzada, Gunay"]
[Black "Lagno, Kateryna"]
[Site "New York, USA"]
[Round "4"]
[Board "2"]
[Result "1/2-1/2"]
[Date "2024.12.26"]
[WhiteElo "2319"]
[BlackElo "2433"]
[PlyCount "47"]
[GameId "2127263878926894"]
[EventDate "2024.12.26"]
[EventType "rapid"]
[EventRounds "11"]
[EventCountry "FID"]

1. e4 e5 2. Nf3 Nc6 3. Bb5 a6 4. Ba4 Nf6 5. O-O Bc5 6. c3 O-O 7. d4 Ba7 8. Bg5 h6 9. Bh4 exd4 10. e5 g5 11. Bg3 Ne4 12. cxd4 d5 13. Bxc6 bxc6 14. Nc3 Rb8 15. Qd3 Nxg3 16. fxg3 Rxb2 17. h4 Bg4 18. Nh2 Bh5 19. Rf6 Bg6 20. Rxg6+ fxg6 21. Qxg6+ Kh8 22. Qxh6+ Kg8 23. Qg6+ Kh8 24. Qh6+ 1/2-1/2

[Event "FIDE Women’s World Rapid Championships 2024"]
[White "Ju, Wenjun"]
[Black "Song, Yuxin"]
[Site "New York, USA"]
[Round "4"]
[Board "3"]
[Result "1-0"]
[Date "2024.12.26"]
[WhiteElo "2536"]
[BlackElo "2347"]
[PlyCount "101"]
[GameId "2127263878926895"]
[EventDate "2024.12.26"]
[EventType "rapid"]
[EventRounds "11"]
[EventCountry "FID"]

1. d4 Nf6 2. c4 e6 3. Nc3 Bb4 4. e3 O-O 5. Bd3 d5 6. Nf3 dxc4 7. Bxc4 c5 8. O-O Nc6 9. a3 Ba5 10. Bd3 h6 11. dxc5 Bxc3 12. bxc3 Qe7 13. a4 Rd8 14. Qc2 e5 15. e4 Bg4 16. Nd2 Qxc5 17. Ba3 Qb6 18. Nc4 Qc7 19. Ne3 Be6 20. Rfd1 Rac8 21. Rac1 b6 22. h3 Na5 23. c4 Nb7 24. Nd5 Bxd5 25. exd5 Nd6 26. Re1 Re8 27. a5 e4 28. Bf1 Nf5 29. axb6 axb6 30. Qd2 e3 31. fxe3 Ne4 32. Qd1 Qg3 33. Qf3 Qxf3 34. gxf3 Nd2 35. Bd3 Nh4 36. Kf2 Ndxf3 37. Red1 Ne5 38. d6 Ra8 39. Rc3 Nxd3+ 40. Rdxd3 Red8 41. Rb3 Ra6 42. Rd5 Ng6 43. Rdb5 Ra4 44. Bb4 f6 45. Rxb6 Ne5 46. c5 Rc8 47. Kg3 g5 48. Bc3 Nd7 49. c6 Nxb6 50. Rxb6 Rc4 51. d7 1-0

[Event "FIDE Women’s World Rapid Championships 2024"]
[White "Tan, Zhongyi"]
[Black "Sukandar, Irine Kharisma"]
[Site "New York, USA"]
[Round "4"]
[Board "4"]
[Result "1-0"]
[Date "2024.12.26"]
[WhiteElo "2502"]
[BlackElo "2354"]
[PlyCount "129"]
[GameId "2127263878930992"]
[EventDate "2024.12.26"]
[EventType "rapid"]
[EventRounds "11"]
[EventCountry "FID"]

1. d4 Nf6 2. c4 e6 3. Nf3 d5 4. Nc3 Nbd7 5. Bf4 Bb4 6. e3 dxc4 7. Bxc4 Nd5 8. Bxd5 exd5 9. Qb3 Bxc3+ 10. Qxc3 c6 11. Qa3 Nb6 12. b3 Bf5 13. O-O f6 14. Qc5 Kf7 15. a4 Nd7 16. Qc3 h5 17. h3 g5 18. Bh2 Qe7 19. Nd2 Rae8 20. Rae1 c5 21. e4 dxe4 22. Nc4 cxd4 23. Qxd4 Qc5 24. Nd6+ Kg6 25. Qxc5 Nxc5 26. Nxe8 Rxe8 27. Re3 Rd8 28. a5 Rd3 29. b4 Nb3 30. Bb8 a6 31. Ba7 h4 32. f3 exf3 33. Rxd3 Bxd3 34. Rxf3 Nc1 35. Kf2 Bb5 36. Bd4 f5 37. Re3 Nd3+ 38. Kg1 Nf4 39. Kh2 g4 40. Be5 g3+ 41. Kh1 Nd3 42. Bd6 f4 43. Re7 Bc6 44. Kg1 Kf5 45. Bb8 f3 46. gxf3 Bxf3 47. Rf7+ Ke4 48. Rh7 g2 49. Rxh4+ Kf5 50. Rc4 Kg5 51. Bg3 Bc6 52. Kh2 Nb2 53. Rc5+ Kg6 54. b5 Bxb5 55. Kxg2 Nc4 56. Be1 Bc6+ 57. Kg3 Nd6 58. Kf4 Nf7 59. h4 Bh1 60. Bd2 Nd8 61. h5+ Kf7 62. Rc7+ Ke8 63. Ke5 Nc6+ 64. Kf6 Nd4 65. h6 1-0

[Event "FIDE Women’s World Rapid Championships 2024"]
[White "Fataliyeva, Ulviyya"]
[Black "Dronavalli, Harika"]
[Site "New York, USA"]
[Round "4"]
[Board "5"]
[Result "0-1"]
[Date "2024.12.26"]
[WhiteElo "2237"]
[BlackElo "2416"]
[PlyCount "104"]
[GameId "2127263878930993"]
[EventDate "2024.12.26"]
[EventType "rapid"]
[EventRounds "11"]
[EventCountry "FID"]

1. d4 d5 2. Bf4 Nf6 3. e3 c5 4. c3 Nc6 5. Nf3 Bg4 6. Nbd2 e6 7. h3 Bh5 8. g4 Bg6 9. Bb5 Nd7 10. Ne5 Ndxe5 11. Bxe5 Qb6 12. a4 f6 13. Bg3 a6 14. Bxc6+ Qxc6 15. a5 h5 16. Rg1 hxg4 17. hxg4 Be7 18. Qa4 Qxa4 19. Rxa4 Bc2 20. Ra1 c4 21. f3 Kd7 22. Kf2 Rh7 23. e4 Rah8 24. Ke3 Kc6 25. Rac1 Bd3 26. b4 Rh3 27. Kf2 Bd8 28. Rce1 Kd7 29. Re3 Rh1 30. Ree1 Rxg1 31. Kxg1 g6 32. Nf1 dxe4 33. fxe4 f5 34. exf5 gxf5 35. gxf5 exf5 36. Ne3 Rg8 37. Kh2 Rh8+ 38. Kg1 Rg8 39. Kh2 Bg5 40. Nd5 Rh8+ 41. Kg1 Kc6 42. Ne7+ Kb5 43. Nxf5 Bd2 44. Nd6+ Ka4 45. Ra1+ Kb3 46. d5 Bxc3 47. Rc1 Bd4+ 48. Kg2 Rg8 49. Re1 c3 50. Nxb7 c2 51. Kh2 Rh8+ 52. Kg2 Be4+ 0-1

[Event "FIDE Women’s World Rapid Championships 2024"]
[White "Khamdamova, Afruza"]
[Black "Muzychuk, Anna"]
[Site "New York, USA"]
[Round "4"]
[Board "6"]
[Result "1/2-1/2"]
[Date "2024.12.26"]
[WhiteElo "2188"]
[BlackElo "2408"]
[PlyCount "56"]
[GameId "2127263878930994"]
[EventDate "2024.12.26"]
[EventType "rapid"]
[EventRounds "11"]
[EventCountry "FID"]

1. e4 e5 2. Nf3 Nc6 3. Bb5 a6 4. Ba4 Nf6 5. O-O Nxe4 6. d4 b5 7. Bb3 d5 8. dxe5 Be6 9. c3 Bc5 10. Qe2 O-O 11. Be3 Bxe3 12. Qxe3 f5 13. exf6 Qxf6 14. Nbd2 Nxd2 15. Qxd2 Rad8 16. Rfe1 Bf7 17. Ng5 Na5 18. Bc2 g6 19. b3 Nb7 20. Re2 b4 21. Nxf7 Rxf7 22. Re3 d4 23. cxd4 Rxd4 24. Qe2 Nd6 25. Re1 Kg7 26. Bd3 a5 27. g3 Rd5 28. Kg2 Rc5 1/2-1/2

[Event "FIDE Women’s World Rapid Championships 2024"]
[White "Yip, Carissa"]
[Black "Batsiashvili, Nino"]
[Site "New York, USA"]
[Round "4"]
[Board "7"]
[Result "0-1"]
[Date "2024.12.26"]
[WhiteElo "2389"]
[BlackElo "2333"]
[PlyCount "68"]
[GameId "2127263878930995"]
[EventDate "2024.12.26"]
[EventType "rapid"]
[EventRounds "11"]
[EventCountry "FID"]

1. e4 e5 2. d4 exd4 3. Qxd4 Nc6 4. Qc4 Nf6 5. Nc3 Bb4 6. Bd2 d6 7. O-O-O O-O 8. f3 Be6 9. Qe2 a5 10. g4 Ne5 11. Qg2 Nfd7 12. f4 Nc4 13. f5 Nxd2 14. fxe6 Nxf1 15. exd7 Ne3 16. Qh3 Nxd1 17. Nxd1 Qxd7 18. Nf3 Qe6 19. a3 Bc5 20. Nc3 c6 21. Kb1 b5 22. Re1 b4 23. Na4 bxa3 24. e5 Qg6 25. Nh4 Qh6 26. Qg3 Bb4 27. Rd1 dxe5 28. Nf5 Qe6 29. Qh4 axb2 30. Qg5 Qg6 31. Qh4 Rfe8 32. Nb6 Rab8 33. Nc4 Bf8 34. Rd7 Qe6 0-1

[Event "FIDE Women’s World Rapid Championships 2024"]
[White "Shuvalova, Polina"]
[Black "Munguntuul, Batkhuyag"]
[Site "New York, USA"]
[Round "4"]
[Board "8"]
[Result "1/2-1/2"]
[Date "2024.12.26"]
[WhiteElo "2355"]
[BlackElo "2299"]
[PlyCount "102"]
[GameId "2127263878930996"]
[EventDate "2024.12.26"]
[EventType "rapid"]
[EventRounds "11"]
[EventCountry "FID"]

1. e4 c6 2. d4 d5 3. e5 Bf5 4. Nf3 e6 5. Be2 c5 6. O-O Nc6 7. c3 Bg4 8. h3 Bxf3 9. Bxf3 Nge7 10. Na3 Nf5 11. Nc2 Be7 12. Bg4 g6 13. a3 h5 14. Bxf5 gxf5 15. b4 cxd4 16. cxd4 Qb6 17. Rb1 O-O-O 18. a4 Na5 19. Na3 Nc4 20. Qd3 Kb8 21. a5 Qa6 22. b5 Qxa5 23. Nxc4 dxc4 24. Qxc4 Rd5 25. Be3 Rc8 26. Qe2 h4 27. Rfd1 Bb4 28. Qh5 Rc7 29. Qh8+ Rc8 30. Qf6 Rc7 31. Rdc1 Rcd7 32. Rc4 Rxb5 33. Rbc1 Qd8 34. Qg7 a5 35. Bg5 Qe8 36. Bxh4 Rbd5 37. Bg5 Rxd4 38. Rxd4 Rxd4 39. h4 Bd2 40. Rd1 Qa4 41. Qf8+ Ka7 42. Rxd2 Rxd2 43. Be3+ b6 44. Bxd2 Qd1+ 45. Kh2 Qxd2 46. Qxf7+ Ka6 47. Qxe6 Qf4+ 48. Kg1 Qc1+ 49. Kh2 Qf4+ 50. Kg1 Qc1+ 51. Kh2 Qf4+ 1/2-1/2

[Event "FIDE Women’s World Rapid Championships 2024"]
[White "Kosteniuk, Alexandra"]
[Black "Balajayeva, Khanim"]
[Site "New York, USA"]
[Round "4"]
[Board "9"]
[Result "1-0"]
[Date "2024.12.26"]
[WhiteElo "2486"]
[BlackElo "2242"]
[PlyCount "117"]
[GameId "2127263878930997"]
[EventDate "2024.12.26"]
[EventType "rapid"]
[EventRounds "11"]
[EventCountry "FID"]

1. e4 e5 2. Nf3 Nc6 3. Bc4 Nf6 4. d3 Bc5 5. a4 d6 6. a5 a6 7. c3 O-O 8. Bg5 Ba7 9. Nbd2 Be6 10. O-O h6 11. Bxe6 fxe6 12. Be3 Bxe3 13. fxe3 d5 14. Qc2 Qd7 15. b4 Rad8 16. Rad1 Ng4 17. Rfe1 d4 18. Nc4 Qe7 19. h3 Nxe3 20. Nxe3 dxe3 21. Rxe3 Kh8 22. Qe2 Rf4 23. Rf1 Rdf8 24. Nd2 Qg5 25. Ref3 Ne7 26. Kh2 Ng6 27. g3 Rxf3 28. Nxf3 Qe7 29. Qe3 Kh7 30. Kg2 Rc8 31. Qc5 Qd6 32. d4 exd4 33. cxd4 Qd7 34. Qh5 Qe7 35. h4 Nh8 36. Qc5 Qe8 37. Ne5 Ng6 38. Nf7 Qa4 39. h5 Nh8 40. Nd6 Rd8 41. Nxb7 Rd7 42. Qc3 Qb5 43. Nc5 Rf7 44. Re1 Rf6 45. e5 Rf5 46. g4 Qc6+ 47. Ne4 Qxc3 48. Nxc3 Rf8 49. b5 axb5 50. Nxb5 c6 51. Nc7 Rc8 52. Nxe6 Nf7 53. Ra1 Nd8 54. Nxd8 Rxd8 55. a6 Kg8 56. a7 Ra8 57. Kf3 Kf7 58. Ke4 Ke6 59. Ra6 1-0

[Event "FIDE Women’s World Rapid Championships 2024"]
[White "Wagner, Dinara"]
[Black "Lei, Tingjie"]
[Site "New York, USA"]
[Round "4"]
[Board "10"]
[Result "1/2-1/2"]
[Date "2024.12.26"]
[WhiteElo "2307"]
[BlackElo "2518"]
[PlyCount "147"]
[GameId "2127263878930998"]
[EventDate "2024.12.26"]
[EventType "rapid"]
[EventRounds "11"]
[EventCountry "FID"]

1. d4 Nf6 2. c4 g6 3. Nc3 Bg7 4. e4 d6 5. Nf3 O-O 6. Be2 Na6 7. O-O e5 8. Be3 Qe7 9. Nd5 Nxd5 10. cxd5 exd4 11. Bxd4 Qxe4 12. Bxg7 Kxg7 13. Qd2 Qb4 14. Bxa6 Qxd2 15. Nxd2 bxa6 16. Rfc1 Bb7 17. Rxc7 Bxd5 18. b3 Rfc8 19. Rac1 Rxc7 20. Rxc7 Kf6 21. f3 Ke6 22. Kf2 a5 23. Nc4 a4 24. bxa4 Rb8 25. Ne3 Rb2+ 26. Kg3 Bxa2 27. Rxa7 d5 28. Ra6+ Ke5 29. Ng4+ Kd4 30. a5 Bc4 31. Ra7 h5 32. Nf6 Bf1 33. h4 Ke5 34. Nd7+ Kf5 35. f4 Rxg2+ 36. Kf3 Ra2 37. Nc5 f6 38. a6 Ra3+ 39. Kf2 Bc4 40. Ra8 Kxf4 41. a7 Kg4 42. Nd7 d4 43. Nxf6+ Kxh4 44. Rd8 Rxa7 45. Rxd4+ Kg5 46. Nxh5 Ra2+ 47. Kg3 Be6 48. Nf4 Bf5 49. Nh3+ Kf6 50. Nf2 Ra3+ 51. Kg2 Ke5 52. Rb4 Be6 53. Ng4+ Kf5 54. Nf2 Bd5+ 55. Kh2 Rf3 56. Kg1 g5 57. Rb5 Ke6 58. Rb4 Rg3+ 59. Kf1 Ke5 60. Rg4 Rxg4 61. Nxg4+ Kf4 62. Nf6 Bc6 63. Kf2 Kf5 64. Nh5 Kg4 65. Ng3 Kh3 66. Nf5 Bd7 67. Ne3 Bc6 68. Nc4 Kh2 69. Ne5 Bd5 70. Ng4+ Kh3 71. Ne5 Bb7 72. Kg1 Kg3 73. Nf7 g4 74. Ne5 1/2-1/2

[Event "FIDE Women’s World Rapid Championships 2024"]
[White "Yu, Jennifer"]
[Black "Zhu, Jiner"]
[Site "New York, USA"]
[Round "4"]
[Board "11"]
[Result "1/2-1/2"]
[Date "2024.12.26"]
[WhiteElo "2296"]
[BlackElo "2449"]
[PlyCount "105"]
[GameId "2127263878930999"]
[EventDate "2024.12.26"]
[EventType "rapid"]
[EventRounds "11"]
[EventCountry "FID"]

1. d4 Nf6 2. c4 e6 3. Nf3 b6 4. Nc3 Bb7 5. g3 Bb4 6. Bd2 O-O 7. Bg2 d6 8. O-O Nbd7 9. Rc1 a5 10. Qc2 Bxc3 11. Bxc3 Be4 12. Qd2 Qe7 13. b3 Rfe8 14. Rfd1 h6 15. Qb2 d5 16. Ne5 Bxg2 17. Kxg2 Rac8 18. e3 c6 19. b4 a4 20. b5 a3 21. Qb1 Nxe5 22. dxe5 Ne4 23. Bb4 c5 24. Bxa3 Qb7 25. f3 Ng5 26. h4 Nh7 27. Rd3 Rcd8 28. Rcd1 Qa8 29. Qb3 Nf8 30. Bb2 Rd7 31. cxd5 exd5 32. Rxd5 Rxd5 33. Rxd5 Rc8 34. Qc4 Qa5 35. Bc3 Qa3 36. Qb3 Qa8 37. a4 c4 38. Qd1 Ne6 39. Rd6 Nc5 40. Rxb6 Qa7 41. Rd6 Nxa4 42. Rd8+ Rxd8 43. Qxd8+ Kh7 44. Bd4 Qb7 45. b6 c3 46. Qc7 Qa6 47. b7 Qe2+ 48. Kh3 h5 49. b8=Q Qf1+ 50. Kh2 Qf2+ 51. Kh3 Qf1+ 52. Kh2 Qf2+ 53. Kh3 1/2-1/2

[Event "FIDE Women’s World Rapid Championships 2024"]
[White "Assaubayeva, Bibisara"]
[Black "Injac, Teodora"]
[Site "New York, USA"]
[Round "4"]
[Board "12"]
[Result "1-0"]
[Date "2024.12.26"]
[WhiteElo "2444"]
[BlackElo "2295"]
[PlyCount "57"]
[GameId "2127263878935096"]
[EventDate "2024.12.26"]
[EventType "rapid"]
[EventRounds "11"]
[EventCountry "FID"]

1. Nf3 d5 2. g3 g6 3. Bg2 Bg7 4. d4 Nf6 5. c4 c6 6. O-O O-O 7. b3 dxc4 8. bxc4 c5 9. Bb2 cxd4 10. Nxd4 a6 11. Nc3 Nbd7 12. Rc1 Qb6 13. Na4 Qc7 14. Qb3 Rb8 15. c5 e5 16. Nf3 Re8 17. Rfd1 h6 18. Nd2 Nf8 19. Nc4 Bd7 20. Nd6 Re7 21. Nb6 Bc6 22. e4 N6d7 23. Nd5 Bxd5 24. Qxd5 Nf6 25. Qb3 N8d7 26. Ba3 h5 27. Bf1 b6 28. cxb6 Qxb6 29. Nc8 1-0

[Event "FIDE Women’s World Rapid Championships 2024"]
[White "Skripchenko, Almira"]
[Black "Koneru, Humpy"]
[Site "New York, USA"]
[Round "4"]
[Board "13"]
[Result "1/2-1/2"]
[Date "2024.12.26"]
[WhiteElo "2295"]
[BlackElo "2431"]
[PlyCount "58"]
[GameId "2127263878935097"]
[EventDate "2024.12.26"]
[EventType "rapid"]
[EventRounds "11"]
[EventCountry "FID"]

1. e4 e5 2. Nf3 Nc6 3. Bb5 a6 4. Ba4 Bc5 5. Bxc6 dxc6 6. d3 Ne7 7. h3 f6 8. Nc3 Bd6 9. Be3 c5 10. Nd2 Be6 11. Nc4 Nc6 12. Nxd6+ cxd6 13. f4 Qd7 14. O-O Nd4 15. Ne2 O-O 16. c3 Nxe2+ 17. Qxe2 exf4 18. Rxf4 f5 19. exf5 Rxf5 20. Rxf5 Bxf5 21. Bf4 Re8 22. Qd2 Qe6 23. Rf1 Qd5 24. Rf3 Bg6 25. Kh2 Rf8 26. Qe3 Re8 27. Qd2 h6 28. Bg3 Bh5 29. Re3 Rxe3 1/2-1/2

[Event "FIDE Women’s World Rapid Championships 2024"]
[White "Paehtz, Elisabeth"]
[Black "Kiolbasa, Oliwia"]
[Site "New York, USA"]
[Round "4"]
[Board "14"]
[Result "1-0"]
[Date "2024.12.26"]
[WhiteElo "2406"]
[BlackElo "2291"]
[PlyCount "71"]
[GameId "2127263878935098"]
[EventDate "2024.12.26"]
[EventType "rapid"]
[EventRounds "11"]
[EventCountry "FID"]

1. d4 Nf6 2. Nf3 e6 3. Bf4 c5 4. e3 Nc6 5. c3 h6 6. Nbd2 d5 7. Bd3 Bd6 8. Bg3 Bxg3 9. hxg3 cxd4 10. exd4 Qd6 11. Qe2 O-O 12. Ne5 Nd7 13. f4 f6 14. Rxh6 gxh6 15. Qg4+ Kh8 16. Qh5 Qe7 17. Ng6+ Kg7 18. Nxe7 Nxe7 19. g4 f5 20. g5 hxg5 21. Qxg5+ Kf7 22. Nf3 Ng6 23. Ne5+ Ngxe5 24. fxe5 Rg8 25. Qh5+ Rg6 26. O-O-O Nf8 27. g4 Kg7 28. gxf5 exf5 29. Rh1 Be6 30. Bxf5 Bxf5 31. Qxf5 Ne6 32. Qh5 Ng5 33. Qg4 Rd8 34. Rg1 b5 35. Qf5 Kh6 36. Rxg5 1-0

[Event "FIDE Women’s World Rapid Championships 2024"]
[White "Garcia Martin, Marta"]
[Black "Bulmaga, Irina"]
[Site "New York, USA"]
[Round "4"]
[Board "15"]
[Result "0-1"]
[Date "2024.12.26"]
[WhiteElo "2291"]
[BlackElo "2378"]
[PlyCount "114"]
[GameId "2127263878935099"]
[EventDate "2024.12.26"]
[EventType "rapid"]
[EventRounds "11"]
[EventCountry "FID"]

1. e4 e5 2. Nf3 Nc6 3. Bc4 Bc5 4. d3 Nf6 5. Nc3 h6 6. h3 a6 7. Be3 Bb4 8. O-O Bxc3 9. bxc3 d6 10. Bb3 Be6 11. Rb1 Rb8 12. Nd2 d5 13. f4 exf4 14. Bxf4 O-O 15. e5 Nd7 16. Qh5 Ne7 17. Nf3 Nf5 18. Nd4 Nxd4 19. cxd4 Re8 20. c3 b5 21. a4 Rb6 22. axb5 axb5 23. Qf3 Nf8 24. Be3 Rb8 25. Ra1 Ra8 26. Qf2 Qd7 27. Kh2 Qc6 28. Qb2 Ng6 29. Bc2 Bd7 30. Bd2 Rxa1 31. Rxa1 f6 32. exf6 Qxf6 33. Re1 Qd6+ 34. Kg1 Rf8 35. Qc1 Bxh3 36. Rf1 Re8 37. Bf4 Nxf4 38. Qxf4 Qxf4 39. Rxf4 Re2 40. Rf2 Re1+ 41. Kh2 Be6 42. Bb3 Rc1 43. Rc2 Rxc2 44. Bxc2 Kf7 45. Kg3 Kf6 46. Kf4 g5+ 47. Ke3 h5 48. Bd1 Bf7 49. g3 Kf5 50. Bf3 g4 51. Bg2 Kg5 52. Bf1 c6 53. Bg2 Bg6 54. c4 Bf7 55. cxb5 cxb5 56. Kd2 h4 57. gxh4+ Kxh4 0-1